Name all of the Pokemon starters and their evolutions - Statistics

General Stats
  • This quiz has been taken 10 times
  • The average score is 43 of 81
Answer Stats
Type Answer % Correct
Grass-Poison Bulbasaur
100%
Fire-Flying Charizard
100%
Fire Charmander
100%
Fire Charmeleon
100%
Water Squirtle
100%
Water Blastoise
88%
Grass-Poison Ivysaur
88%
Fire Litten
88%
Fire Scorbunny
88%
Fire Torracat
88%
Grass-Poison Venusaur
88%
Grass Bayleef
75%
Fire-Fighting Blaziken
75%
Grass Chikorita
75%
Fire Chimchar
75%
Fire Cyndaquil
75%
Water Froakie
75%
Water Sobble
75%
Water Wartortle
75%
Grass Chespin
63%
Fire Cinderace
63%
Fire-Psychic Delphox
63%
Fire Fennekin
63%
Fire Fuecoco
63%
Grass Grookey
63%
Water Inteleon
63%
Water Popplio
63%
Water Quaxly
63%
Fire Raboot
63%
Grass Rillaboom
63%
Grass-Flying Rowlet
63%
Fire Tepig
63%
Fire Torchic
63%
Grass Turtwig
63%
Fire Braixen
50%
Fire-Fighting Combusken
50%
Water Drizzile
50%
Fire-Fighting Emboar
50%
Water Frogadier
50%
Water-Dark Greninja
50%
Fire-Dark Incineroar
50%
Fire-Fighting Infernape
50%
Grass Meganium
50%
Water Mudkip
50%
Water Oshawott
50%
Water Piplup
50%
Grass Snivy
50%
Grass-Ground Torterra
50%
Water Totodile
50%
Grass Treecko
50%
Fire Typhlosion
50%
Grass-Fighting Chesnaught
38%
Grass-Flying Dartrix
38%
Water-Steel Empoleon
38%
Water Feraligatr
38%
Water-Ground Marshtomp
38%
Fire-Fighting Monferno
38%
Fire-Fighting Pignite
38%
Fire Quilava
38%
Grass Sceptile
38%
Grass Sprigatito
38%
Water-Ground Swampert
38%
Water Brionne
25%
Fire Crocalor
25%
Water Croconaw
25%
Grass-Ghost Decidueye
25%
Water Dewott
25%
Grass Floragato
25%
Grass Grotle
25%
Grass-Dark Meowscarada
25%
Water-Fairy Primarina
25%
Water Prinplup
25%
Water-Fighting Quaquaval
25%
Water Quaxwell
25%
Grass Quilladin
25%
Water Samurott
25%
Grass Serperior
25%
Grass Servine
25%
Fire-Ghost Skeledirge
25%
Grass Thwackey
25%
Grass Groyvle
13%
No matching quizzes found
Score Distribution
Percent of People with Each Score
Percentile by Number Answered
Your Score History
You have not taken this quiz